000 00261nam a22001217a 4500
082 _a827
_bALL/G
100 _aALLEN, FRANK
245 _aGREAT FUNNY ONE LINERS
260 _aMUMBAI
_bJAICO PUBLISING HOUSE
300 _a30
650 _aJOKES
_zINDIA
942 _cBK
999 _c5702
_d5702